| 000 | 00406nam a2200121Ia 4500 | ||
|---|---|---|---|
| 008 | 220204s9999 xx 000 0 und d | ||
| 082 |
_a678.046.2 _bGER |
||
| 100 | _aGerspacher, M | ||
| 245 | 0 | _aRole of carbon black dispersion/distribution on rubber compound properties: Paper presented at ITEC`96, Akron, September 10-12, 1996 | |
| 260 |
_aAkron _c1996 |
||
| 650 | _aCarbon black reinforcing | ||
| 942 | _cBK | ||
| 999 |
_c41068 _d41068 |
||